000 00329nam a22001457a 4500
020 _a81-7826-182-0
082 _a823
_bSCO/I
245 _aIVANHOE
_bSHORT STORY
246 _aIVANHOE
_bSHORT STORY
250 _a2003
260 _aDELHI
_bROHAN BOOK COMPANY
_c2003
300 _a224
520 _a CHILDRENS SHORT STORY
942 _cBK
999 _c371
_d371